000 00506nam a22001817a 4500
005 20171106145843.0
010 _aENG-121241
020 _c200.00
_a9789350450970
035 _aEN-104773
037 _bDBAD/PUB
082 _a881
100 _aRavikumar,P.
245 _a M.D. Ramanthan /
_cby P. Ravikumar
260 _aCalcutta
_bA Writers Workshop Publication
_c2015
270 _a162/92 Lake Gardens
_bCalcutta
_e700045
300 _a96p.
_c22cm(Hb)
942 _2ddc
_cEN
_h881
_mRAV
999 _c147204
_d147204